「御成門」登場漢字(2023 v1.21現在) - Statistics

General Stats
  • This quiz has been taken 57 times
  • The average score is 122 of 213
Answer Stats
漢字 登場数 % Correct
166
95%
101
95%
36
95%
108
92%
86
92%
63
92%
53
92%
15
92%
6
92%
5
92%
113
89%
110
89%
68
89%
51
89%
39
89%
10
89%
7
89%
104
87%
西 103
87%
92
87%
72
87%
70
87%
68
87%
52
87%
50
87%
24
87%
56
84%
41
84%
39
84%
39
84%
37
84%
19
84%
16
84%
12
84%
8
84%
7
84%
63
82%
42
82%
35
82%
30
82%
30
82%
29
82%
17
82%
15
82%
43
79%
33
79%
13
79%
7
79%
6
79%
5
79%
丿 56
76%
24
76%
19
76%
18
76%
14
76%
12
76%
21
74%
17
74%
12
74%
7
74%
55
71%
31
71%
24
71%
21
71%
17
71%
14
71%
8
71%
45
68%
36
68%
32
68%
24
68%
21
68%
12
68%
12
68%
11
68%
6
68%
6
68%
6
68%
41
66%
31
66%
29
66%
23
66%
16
66%
14
66%
11
66%
10
66%
9
66%
8
66%
22
63%
19
63%
18
63%
17
63%
13
63%
12
63%
宿 12
63%
11
63%
9
63%
9
63%
8
63%
7
63%
7
63%
13
61%
10
61%
8
61%
7
61%
7
61%
7
61%
22
58%
20
58%
14
58%
11
58%
11
58%
10
58%
10
58%
9
58%
9
58%
8
58%
26
55%
16
55%
15
55%
14
55%
10
55%
8
55%
鹿 7
55%
5
55%
5
55%
27
53%
16
53%
8
53%
8
53%
8
53%
7
53%
13
50%
9
50%
9
50%
9
50%
7
50%
5
50%
10
47%
10
47%
9
47%
7
47%
7
47%
5
47%
23
45%
19
45%
8
45%
8
45%
7
45%
5
45%
13
42%
10
42%
10
42%
9
42%
8
42%
8
42%
7
42%
7
42%
5
42%
5
42%
16
39%
15
39%
8
39%
6
39%
6
39%
5
39%
10
37%
9
37%
8
37%
10
34%
7
34%
7
34%
6
34%
5
34%
15
32%
15
32%
10
32%
14
29%
11
29%
11
29%
6
29%
6
29%
5
29%
8
26%
7
26%
6
26%
5
26%
5
26%
5
26%
5
26%
9
24%
9
24%
8
24%
6
24%
6
24%
5
24%
14
21%
10
21%
8
21%
5
21%
10
18%
7
18%
9
16%
9
16%
6
16%
5
16%
5
16%
5
16%
5
16%
6
11%
9
8%
6
8%
5
5%
No matching quizzes found
Score Distribution
Percent of People with Each Score
Percentile by Number Answered
Your Score History
You have not taken this quiz